服飾中華 . 宋代-民國之卷 . 下卷

資料類型: Book 圖書   書目號:53535

Leader xxxxxxxxxx
001 __ 102619/2/01
005 __ 20191030163633.003
010 0_ |a978-986-5688-89-9|b平裝|d新臺幣750元
042 __ |anbim
100 __ |a20191030d2018    k  y0chiy50      e
101 0_ |achi
102 __ |atw
105 __ |aafh z   000yy
200 1_ |a服飾中華|h下卷|i宋代-民國之卷|f黃能福,陳娟娟,黃鋼作
205 __ |a初版
210 __ |a新北市|c楓樹林|d2018[民107]
215 0_ |a306面|c圖,圖版,書影|d31公分
517 1_ |a宋代-民國之卷|zchi
606 __ |2cst|a服飾
606 __ |2cst|a文化史
607 __ |2cst|a中國
700 _1 |a|b能福|4702 _1 |a|b娟娟|4702 _1 |a|b|4681 __ |a538.182|b8373 v.2
801 _0 |atw|bLibDipper|c20191030|gCCR
詳細館藏(共 1 筆)
索 書 號登 錄 號冊次號館別 / 館藏地流通類型狀態加入預約清單電子資源
538.182 / 8373 1026192 v.2 圖書館 / 二樓普通區 可外借30天 在館   

| 條列資料




目錄查詢 分類查詢 個人資料 圖書薦購 新書查詢 閉館日 排行榜 更多電子資源 Hami書城 線上資料庫 登出

From : 216.73.217.14

  本日流通累計至 20:18:15 借閱 : 0 次 續借 : 0 次 歸還 : 0 次 預約 : 0 次 電子資源 : 0 次


內湖高中圖書館  PCLIS 版本  25.5.0.2